Felicidad de Mexico : (Registro nro. 64063)
[ vista simple ]
| 000 -LEADER | |
|---|---|
| fixed length control field | 01822cam a2200313 i 4500 |
| 001 - CONTROL NUMBER | |
| control field | 64063 |
| 003 - CONTROL NUMBER IDENTIFIER | |
| control field | Mx-PuUPA |
| 005 - DATE AND TIME OF LATEST TRANSACTION | |
| control field | 20240125151155.0 |
| 008 - FIXED-LENGTH DATA ELEMENTS--GENERAL INFORMATION | |
| fixed length control field | 160329s1979 mx ah gr 000 0 spa d |
| 040 ## - CATALOGING SOURCE | |
| Original cataloging agency | Mx-PuUPA |
| Language of cataloging | spa |
| Transcribing agency | Mx-PuUPA |
| Modifying agency | Mx-PuUPA |
| Description conventions | rda |
| 041 0# - LANGUAGE CODE | |
| Language code of text/sound track or separate title | spa |
| 100 1# - MAIN ENTRY--PERSONAL NAME | |
| Personal name | Becerra Tanco, Luis, |
| Dates associated with a name | 1602-1672, |
| Relator term | autor |
| 9 (RLIN) | 1617 |
| 245 10 - TITLE STATEMENT | |
| Title | Felicidad de Mexico : |
| Remainder of title | en el principio, y milagroso origen, que tubo el Santuario de la Virgen María N. Señora de Gvadalvpe. Extramuros : En la apparicion admirable de efta Soberana Señora, y de fu prodigiofa imagen / |
| Statement of responsibility, etc. | sacada a luz y añadida por el bachiller Lvis Bezerra Tanco. |
| 246 33 - VARYING FORM OF TITLE | |
| Title proper/short title | En el principio, y milagroso origen, que tuvo el Santuario de la Virgen María N. Señora de Guadalupe. Extramuros : En la aparición admirable de esta Soberana Señora, y de su prodigiosa imagen |
| 250 ## - EDITION STATEMENT | |
| Edition statement | Tercera edición / |
| Remainder of edition statement | Facsimilar |
| 250 ## - EDITION STATEMENT | |
| Edition statement | Primera edición / |
| Remainder of edition statement | Editorial Jus |
| 264 #1 - PRODUCTION, PUBLICATION, DISTRIBUTION, MANUFACTURE, AND COPYRIGHT NOTICE | |
| Place of production, publication, distribution, manufacture | México, D.F. : |
| Name of producer, publisher, distributor, manufacturer | Editorial Jus, |
| Date of production, publication, distribution, manufacture, or copyright notice | 1979 |
| 300 ## - PHYSICAL DESCRIPTION | |
| Extent | 1 volumen (paginación varía) : |
| Other physical details | ilustraciones ; |
| Dimensions | 25 cm |
| 336 ## - CONTENT TYPE | |
| Content type term | texto |
| Fuente | rdacontent |
| Content type code | txt |
| 337 ## - MEDIA TYPE | |
| Media type term | sin medio |
| Source | rdamedia |
| Media type code | n |
| 338 ## - CARRIER TYPE | |
| Carrier type term | volumen |
| Source | rdacarrier |
| Carrier type code | nc |
| 500 ## - GENERAL NOTE | |
| General note | "Qve la dedica, al ilustrissimo, y excellentissimo señor M.D. Fr. Payo Enriqves de Ribera, Arcobispo de Mexico, del Consejo de su majestad, Virrey, Governador, y Capitan General de esta Nueva España, y Presidente de la Real Audiencia de ella, con licencia. En Mexico, por la viuda de Bernardo Calderon Año de 1675". -- Cubierta. |
| 600 04 - SUBJECT ADDED ENTRY--PERSONAL NAME | |
| Personal name | Virgen de Guadalupe |
| General subdivision | Apariciones y milagros |
| -- | Historia |
| 700 1# - ADDED ENTRY--PERSONAL NAME | |
| Personal name | Gama, Antonio de, |
| Relator term | impresor |
| 942 ## - ADDED ENTRY ELEMENTS (KOHA) | |
| Source of classification or shelving scheme | Dewey Decimal Classification |
| Koha item type | Libro |
| Classification part | 232.917 |
| Item part | B574 |
| Withdrawn status | Lost status | Source of classification or shelving scheme | Damaged status | Not for loan | Collection code | Home library | Current library | Shelving location | Date acquired | Source of acquisition | Total Checkouts | Full call number | Barcode | Date last seen | Price effective from | Koha item type |
|---|---|---|---|---|---|---|---|---|---|---|---|---|---|---|---|---|
| Dewey Decimal Classification | General | Biblioteca Karol Wojtyla | Biblioteca Karol Wojtyla | Sala general | 03/12/2013 | Donación | 232.917 B574 1979 | 63912 | 05/01/2026 | 03/12/2013 | Libro | |||||
| Dewey Decimal Classification | General | Centro de Estudios Guadalupanos | Centro de Estudios Guadalupanos | Sala general | 29/03/2016 | Compra | 232.917 BEZ 1979 | 93881 | 29/03/2016 | Libro |